000 00360nam a2200157Ia 4500
008 230917s9999||||xx |||||||||||||| ||und||
020 _cRS3.5
040 _e45684
_aMAIN
041 _aEnglish
082 _a821.7 T258E
100 _aTennyson, Lord
245 0 _aEnoch Arden
260 _aLondon
_bMacmillan
_c1960
300 _axxxvii, 60 p.
942 _cBK
999 _c185917
_d185917